| 000 | 00383nam a2200145Ia 4500 | ||
|---|---|---|---|
| 008 | 221220s9999 xx 000 0 und d | ||
| 020 | _a978-1-250-79209-9 | ||
| 041 | _aEnglish | ||
| 100 | _aA. C. Redding | ||
| 245 | 0 |
_aElon Musk - A Mission to Save the World _cby A. C. Redding |
|
| 260 |
_bMacmillan _aNew York _c2019 |
||
| 300 | _a245 | ||
| 650 | _aManagement | ||
| 942 |
_2DDC _cBK |
||
| 999 |
_c19202 _d19202 |
||